Statistics for Test Your UK Knowledge!

Click here to take the quiz!

General Stats

  • This quiz has been taken 37 times
  • The average score is 6 of 10

Answer Stats

QuestionAnswer% Correct
What is the Capital of the UK?London
100%
How Many Countries are inside of the UK?4
97%
How many borders does the UK have?1
77%
Which of these Caribbean islands is owned by the UK?Cayman Islands
77%
How many cities over 1 million?5
57%
What is the population of the UK?68 million
40%
How high is the highest point?1345m
33%
What is the biggest lake in the UK?Lough Neagh
30%
How many National Parks does the UK have?15
27%
How big is the UK?243,000 sq km
13%

Score Distribution

Percentile by Number Answered

Percent of People with Each Score

Your Score History

You have not taken this quiz